| 000 | 01002cam a22002773a 4500 | ||
|---|---|---|---|
| 001 | 16243 | ||
| 003 | PGUSA | ||
| 005 | 20140828083339.0 | ||
| 008 | 050708s2005||||xxu|||||s|||||000 | eng d | ||
| 040 |
_aPGUSA _beng |
||
| 042 | _adc | ||
| 050 | 4 | _aDU | |
| 100 | 1 |
_aLandsborough, William, _d1825-1886 |
|
| 245 | 1 | 0 |
_aJournal of Landsborough's Expedition from Carpentaria : _bIn search of Burke and Wills _h[electronic resource] / _cWilliam Landsborough |
| 260 |
_bProject Gutenberg, _c2005 |
||
| 506 | _aPublic domain in the USA. | ||
| 516 | _aElectronic text | ||
| 653 | _aAustralia -- Discovery and exploration | ||
| 653 | _aLandsborough Expedition, (1861-1862) | ||
| 653 | _aBurke and Wills Expedition, (1860-1861) | ||
| 653 | _aExplorers -- Australia | ||
| 740 | 0 | _aJournal of Landsborough's expedition from Carpentaria, in search of Burke and Wills. With a map showing his route. | |
| 830 | 0 |
_aProject Gutenberg _v16243 |
|
| 856 | 4 | 0 | _uhttp://www.gutenberg.org/ebooks/16243 |
| 942 | _cEB | ||
| 999 |
_c245498 _d245498 |
||